LEADER 01000nam a2200253 i 4500 001 991000748419707536 005 20020507173056.0 008 980930s1996 it ||| | ita 035 $ab10751865-39ule_inst 035 $aLE01301706$9ExL 040 $aDip.to Matematica$beng 082 0 $a511.6 084 $aAMS 94B 100 1 $aVitto, Patrizia$0534876 245 10$aCodici algebrico-geometrici. Tesi di laurea /$claureanda Patrizia Vitto ; relat. Mauro Biliotti 260 $aLecce :$bUniversità degli studi. Facoltà di Scienze. Corso di laurea in Matematica,$ca.a. 1996-97 650 4$aTheory of error-correcting codes 700 1 $aBiliotti, Mauro 907 $a.b10751865$b02-04-14$c28-06-02 912 $a991000748419707536 945 $aLE013 TES 1996/97 VIT1$g1$i2013000109817$lle013$o-$pE0.00$q-$rl$s- $t0$u0$v0$w0$x0$y.i10844910$z28-06-02 996 $aCodici algebrico-geometrici. Tesi di laurea$9911409 997 $aUNISALENTO 998 $ale013$b01-01-98$cm$da $e-$fita$git $h0$i1 LEADER 01690nam0 2200397 i 450 001 CFI0104681 005 20251003044121.0 020 $aIT$b89-8951 100 $a20130827d1987 ||||0itac50 ba 101 | $aita 102 $ait 181 1$6z01$ai $bxxxe 182 1$6z01$an 200 1 $aInferenza statistica$fAlighiero Naddeo 210 $aRoma$cNIS$d1987 215 $a202 p.$d24 cm. 225 | $aBiblioteca di statistica$v1 410 0$1001CFI0104688$12001 $aBiblioteca di statistica$v1 606 $aInferenza statistica$2FIR$3CFIC023584$9E 676 $a001.4$9RICERCA$v12 676 $a001.422$9METODI DI RICERCA. METODO STATISTICO$v19 676 $a519.542$9INFERENZA STATISTICA. TEORIA DELLE DECISIONI$v23 696 $aStatistica inferenziale$aStatistica induttiva 699 $aInferenza statistica$yStatistica inferenziale 699 $aInferenza statistica$yStatistica induttiva 700 1$aNaddeo$b, Alighiero$3CFIV065707$4070$011690 801 3$aIT$bIT-000000$c20130827 850 $aIT-BN0095 $aIT-NA0079 901 $bNAP 01$cLT $n$ 901 $bNAP 01$cM/S $n$ 901 $bNAP BN$cS.MOD $nLa consegna dei documenti è effettuata dall'Ufficio Distribuzione 912 $aCFI0104681 950 0$aBiblioteca Centralizzata di Ateneo$c1 v.$d 01LT (AR) 14 B 767$e 01AR 0700147675 VMA 1 v.$fB $h20140228$i20140228$c1 v. in due copie$d 01M/S (AR) 4 699$e 01AR 0070046995 VMA A4(bis 1 v. (2. copia)$fY $h20231204$i20231204 977 $a 01$a BN 996 $aInferenza statistica$962238 997 $aUNISANNIO